| 000 | 01177nam2a2200253 4500 | ||
|---|---|---|---|
| 001 | RU\NLR\BIBL_A\012120674 | ||
| 005 | 20250623211915.0 | ||
| 035 | _a(NLR Aleph) 012120674 | ||
| 090 |
_a11991265 _c11991265 |
||
| 100 | _a20191015j19260403|||y0rusy50 ca | ||
| 101 | 0 | _acrh | |
| 102 | _aRU | ||
| 135 | _acrgn 008anaba | ||
| 200 | 0 | _a1926, № 25 (196) (3 апр.) | |
| 210 |
_d1926 _aБ. м. |
||
| 325 | 1 | _aКопия доступна в электронной библиотеке РНБ | |
| 461 | 0 |
_1001RU\NLR\BIBL_A\012087356 _12001#$aКомсомолец$v1926, № 25 (196) (3 апр.) _911836375 _cСимферополь _d1924-1941 _oКъырым область комсомол комитетининъ органы _tКомсомолец _v1926, № 25 (196) (3 апр.) |
|
| 852 |
_aNLR _bОНЛ _jК.-тат.-г./1-7 |
||
| 901 | _eГазеты: ОНЛ | ||
| 942 | _cISSNP | ||
| 980 | _aNB | ||
| 981 | 2 | 3 |
_a(23) Национальные литературы _b(23) Периодические издания |